<?xml version="1.0" encoding="UTF-8"?>
<marc:record xmlns:marc="http://www.loc.gov/MARC21/slim">
   <marc:leader>00000nam a2200000 a 4500</marc:leader>
   <marc:datafield ind1="1" ind2=" " tag="100">
      <marc:subfield code="a">Dahlke, Nora</marc:subfield>
      <marc:subfield code="4">aut</marc:subfield>
      <marc:subfield code="e">Verfasser/-in</marc:subfield>
   </marc:datafield>
   <marc:datafield ind1=" " ind2=" " tag="653">
      <marc:subfield code="a">Pappbilderbücher mit und ohne Zusatzteile, Fühlbilderbücher</marc:subfield>
   </marc:datafield>
   <marc:datafield ind1="0" ind2="0" tag="245">
      <marc:subfield code="a">Hilde hilft dem Osterhasen (Pappbilderbuch)</marc:subfield>
   </marc:datafield>
   <marc:datafield ind1="0" ind2="0" tag="245">
      <marc:subfield code="b">Eine lustige Oster-Mitmachpappe ab 2 Jahren</marc:subfield>
   </marc:datafield>
   <marc:datafield ind1="0" ind2="0" tag="245">
      <marc:subfield code="c">Dahlke, Nora</marc:subfield>
   </marc:datafield>
   <marc:datafield ind1=" " ind2="1" tag="264">
      <marc:subfield code="a">Köln</marc:subfield>
      <marc:subfield code="b">Baumhaus</marc:subfield>
      <marc:subfield code="c">2024</marc:subfield>
   </marc:datafield>
   <marc:datafield ind1=" " ind2=" " tag="250">
      <marc:subfield code="a">1. Auflage 2024</marc:subfield>
   </marc:datafield>
   <marc:datafield ind1="1" ind2=" " tag="520">
      <marc:subfield code="a">Gesucht: Fleißige Helferlein für das Osterfest! &#xD;
&#xD;
Was ist denn hier los? Es ist Ostern, und der Osterhase schläft? Zum Glück macht sich dafür Huhn Hilde an die Arbeit: Eier bemalen und verstecken, den Osterzopf flechten und Blumen pflücken für den Ostertisch. Es gibt so viel zu tun! Hilfst du ihr dabei?&#xD;
Ein kunterbuntes Mitmach-Buch für die Kleinen ab 2 Jahren&#xD;
Klare Sprache und einfache, kurze Aufforderungen&#xD;
Mit herzerwärmenden Bildern der Bestseller-Illustratorin Nadine Reitz&#xD;
Die Bilder laden zum Entdecken und Verweilen ein&#xD;
Gemacht für Kinderhände: dicke Pappseiten und handliches Format&#xD;
Wichtiges Thema im Familien-Alltag mit Kleinkindern: Ostern und Osterbräuche&#xD;
Das perfekte Oster-Geschenk!</marc:subfield>
   </marc:datafield>
   <marc:datafield ind1=" " ind2=" " tag="020">
      <marc:subfield code="a">9783833908880</marc:subfield>
      <marc:subfield code="9">9783833908880</marc:subfield>
   </marc:datafield>
   <marc:datafield ind1=" " ind2=" " tag="020">
      <marc:subfield code="a">3833908882</marc:subfield>
      <marc:subfield code="9">3833908882</marc:subfield>
   </marc:datafield>
   <marc:datafield ind1=" " ind2=" " tag="041">
      <marc:subfield code="a">ger</marc:subfield>
   </marc:datafield>
   <marc:datafield ind1=" " ind2=" " tag="338">
      <marc:subfield code="a">Band</marc:subfield>
   </marc:datafield>
   <marc:datafield ind1=" " ind2=" " tag="300">
      <marc:subfield code="a">26 Seiten</marc:subfield>
   </marc:datafield>
</marc:record>
